000 00327nam a2200133Ia 4500
008 191201s2007 xx 000 0 und d
082 _a004.678
_bYOI
100 _aYOUNG, Margert Lavine
245 0 _aInternet The Complete Reference
260 _aN.Delhi
_bTMH
_c2007
300 _a857
650 _aB.Tech(IT)
942 _2ddc
_cBK
999 _c2962
_d2962